Fuzzy logic for embedded systems applications

Na minha lista:
Detalhes bibliográficos
Autor principal: Ibrahim, Ahmad M.
Formato: Livro
Idioma:Undetermined
Publicado em: United States Elsevier science 2004
Assuntos:
Tags: Adicionar Tag
Sem tags, seja o primeiro a adicionar uma tag!
Thư viện lưu trữ: Trung tâm Học liệu Trường Đại học Cần Thơ
LEADER 00609nam a2200205Ia 4500
001 CTU_74674
008 210402s9999 xx 000 0 und d
020 |b 789000 
082 |a 004.16 21 
082 |b I.14 
100 |a Ibrahim, Ahmad M. 
245 0 |a Fuzzy logic for embedded systems applications 
245 0 |c Ahmad M. Ibrahim 
260 |a United States 
260 |b Elsevier science 
260 |c 2004 
650 |a Embedded computer systems design and construction.,Fuzzy logic 
650 |x Design and construction. 
904 |i Năm 
980 |a Trung tâm Học liệu Trường Đại học Cần Thơ